100 serie - Statistiques

Statistiques générales
  • Ce quiz a été pris 1 137 fois
  • Le résultat moyen est 14 sur 100
Statistiques - réponses
Indice Name % Correct
1. Siege/mort/fer Game of throne
67%
67. Sexe/conseille/adolescences Sex education
59%
9. Loup-garou/lacross/alpha Teen wolf
59%
50. Cassette/lycée/souvenir 13 reasons why
57%
17. Terre/ado/survi The 100
53%
10. Xoxo/retour/B&S Gossip girl
51%
48. Médecin/sex/interne Grey's Anatomy
49%
69. Démon/police/enfer Lucifer
45%
3. Argent/rouge/police La casa de papel
44%
19. Meurtre/famille/milkshake Riverdale
44%
79. Drogue/prof/chimie Breaking bad
43%
18. Bourse/meurtre/sex Elite
41%
2. Disparition/lettre/harcèlement Pretty little liars
39%
15. Amis/humour/partage Friends
37%
14. Chant/club/lycée Glee
35%
24. Soeurs/sorcière/lumière Charmed
31%
70. Prison/sexe/drogue Orange is the new black
30%
57. Chirurgiens/canne/interne Dr house
27%
26. Frère/vampires/lycée The vampires diaries
27%
52. Parapluie/fin/violon Umbrella academy
27%
29. Zombies/officier/monde Walking dead
26%
61. Bibliothèque/harcèlement/sex You
26%
38. Vampire/blonde/demon Buffy contre les vampires
24%
45. Rapide/rouge/labo Flash
23%
25. Orléans/vampires/bébé The original
23%
39. Femme/suicide/quartier Desperate housewives
22%
55. Enceinte/hôtel/telenovela Jane the virgin
22%
60. Rune/vampires/coupe Shadowhunters
19%
47. Vert/retour/vengeance Arrow
18%
35. Derangeant/société/technologie Black mirror
18%
51.handicape/hôpital/opération Good doctor
18%
53. Police/cervelle/souvenir Izombie
16%
49. Ombre/11/radio Strangers thing
16%
99. Nord/conquête/histoire Vikings
15%
16. Handicap/famille/amour Atypical
14%
80. Police/enquête/meurtre Ncis
14%
5. Compte/réalité/sauveuse Once upon a time
14%
58. Bon/mauvais/paradis The good place
14%
56. Disparition/temps/boucle Dark
13%
28. Trybrid/jumelle/école Legacies
13%
7. Gay/ado/france Skam
13%
75. Squelette/police/enquête Bones
11%
59. Transformation/sex/miss Insatiable
10%
41. Maniaque/police/enquête Monk
10%
76. Famille/connerie/frere Malcom
9%
33. Clone/suicide/expérience Orphan black
9%
44. Cousine/sauveuse/S Super girl
9%
81. Aveugle/nuit/hero Dardevil
8%
86. Temps/infirmière/Écosse Outlander
8%
94. Peur/école/surnaturel American horror story
6%
89. Gang/sex/ado On my block
6%
36. Culture/interaction/distance Sense 8
6%
85. Ado/sexe/drogue Skins
6%
4. famille/lesbian/adopter The fosters
6%
90. Déménagement/meurtre/hotel Bates motel
5%
82. Détective/torture/passé Jessica jones
5%
63. Pays/destin/Union Reign
5%
71. Mort/école/fusée Greenhouse
4%
84. Quartier/force/hero Luke cage
4%
92. Coloc/rupture/amitier New girl
4%
42. Génie/enquête/enfant Scorpion
4%
62. Acteur/manageur/contrat 10 pour cent
3%
32. Déménagement/adopter/lycee 90210
3%
40. Légiste/immortel/enquête Forever
3%
77. Police/comics/vengeance Gotham
3%
96. Combats/miraculé/hero Iron fist
3%
95. Ange/enlèvement/aveugle The OA
3%
64. Échange/avocate/mort Drop dead diva
2%
23. Lesbian/faux/réputation Faking it
2%
27. Chasseurs/policier/face-cacher Grimm
2%
46. Vaisseau/temps/hero Legend of tomorrow
2%
30. Lumière/ombre/non-alignés Lost girl
2%
65. Famille/zombies/voisin Santa clarita diet
2%
66. Secret/meurtre/decendance Scream
2%
34. Échanger/sourd/lycée Switched at birth
2%
91. Lesbian/sexe/amie The l world
2%
13. Flingue/malédiction/cow-boy Wynonna earp
2%
31. ado/lycée/différence Degrassi
1%
20. 90s/lesbian/film Everything sucks
1%
54. Star/amitiés/jalousie Famous in love
1%
83. Lesbian/psy/sexe Gypsy
1%
43. Hackeuse/organisation/hero Les agents du Shield
1%
100. Sorcière/hybride/mortel Les aventures de Sabrina
1%
74. Mensonge/description/enquête Lie to me
1%
68. Pute/amour/mensonge Plan cœur
1%
72. Féminisme/amie/sexe The bold type
1%
93. Amour/sex/trouple Toi moi et elle
1%
6. Vampire/lesbian/journaliste Carmilla
0%
87. Gay/ex/sport Champion
0%
8. Famille/voisin/education Fais pas si fais pas sa
0%
22. Amitiés/sex/carrière Good trouble
0%
73. Sexe/malédiction/sorcière Heartless
0%
78. Orphelin/intelligent/meurtre Les enfants Baudelaire
0%
12. Divorce/famille/amour Once and again
0%
88. Famille/valeur/humour One day at Time
0%
21. Possédé/cowboy/mort-vivant Penny dreadful
0%
11. Parents/pouvoirs/amis Runaways
0%
37. Amour/lesbian/famille South of nowhere
0%
97. Héro/ado/différence Teen titans
0%
98. Elfe/arbre/demon The chronicle of shannara
0%
Aucun quiz correspondant
Distribution des résultats
% des personnes avec chaque résultat
Percentile par nombre de réponses
Votre historique - résultats
Vous n’avez pas pris ce quiz